00835 a2200181 45000010006000000050017000060080041000230030015000640400040000790800078001192450134001972640034003313000026003655050192003910410008005831000033005917000029006244078020260407155703.0260407a1973 arg spa dAR-UNSa-BCEJYS aAR-UNSa-BCEJYSbspacAR-UNSa-BCEJYS a336.226.1xImpuestos a las ganancias o los beneficios (Impuesto Diferido)10aImpuesto a la rentapComentario de la Ley de impuesto a los réditos y su decreto reglamentario. Ordenados y actualizados a 1973 1aBuenos Aires :bDepalmac1973 axxiii, 695 p.c23 cm. a1. Disposiciones generales - 2. Categoría de ganancias - 3. De las deducciones - 4. Disposiciones especiales - 5. Tasas del impuesto para las personas de existencia visible y sucesiones aspa1 aGiuliani Fonrouge, Carlos M.1 aNavarrine, Susana Camila